Vplyv zdravého životného štýlu na spotrebiteľské správanie tíndžerov v kategórii potravín diplomová práca

Saved in:
Bibliographic Details
Main Author: Bezdeková, Michaela
Corporate Author: Obchodná fakulta EU. Katedra marketingu
Other Authors: Lesáková, Dagmar, 1949-
Format: Book
Language:Slovak
Published: Bratislava 2016
Tags: Add Tag
No Tags, Be the first to tag this record!

MARC

LEADER 00000nbm a2200000 4500
001 0216637
005 20170112103805.4
041 0 |a slo 
044 |a SK 
245 1 0 |a Vplyv zdravého životného štýlu na spotrebiteľské správanie tíndžerov v kategórii potravín  |b diplomová práca  |c Michaela Bezdeková ; školiteľ: Dagmar Lesáková 
264 1 |a Bratislava  |c 2016 
300 |a 90 s. 
100 1 |a Bezdeková, Michaela 
700 1 |a Lesáková, Dagmar, 1949- 
710 2 |a Obchodná fakulta EU. Katedra marketingu